|
|
|
|
| LEADER |
00000cam a2200000 4500 |
| 001 |
vtls011779747 |
| 003 |
SK-MaSNL |
| 005 |
20260506072646.0 |
| 008 |
200205s2018 xo a a p 000 0 slo |
| 015 |
|
|
|a SNBA2018/10
|
| 020 |
|
|
|a 9788082050045
|q (brožované)
|
| 035 |
|
|
|a urn:nbn:sk:snk-am00d850
|
| 035 |
|
|
|a urn:nbn:sk:snk-am3hswh
|
| 035 |
|
|
|a 44FA7EF0-3C22-4598-A5CD-8BCF113A2354
|
| 040 |
|
|
|a SNK
|b slo
|c SNK
|e rda
|
| 041 |
0 |
|
|a slo
|
| 044 |
|
|
|a xo
|c SK
|
| 072 |
|
7 |
|a 373.2/.3
|x Predškolská a primárna výchova a vzdelávanie
|2 konspekt
|
| 072 |
|
7 |
|a 0/9-053.2
|x Literatúra pre deti a mládež (náučná)
|2 konspekt
|
| 080 |
|
|
|a 316.346.32-053.4
|2 2011
|
| 080 |
|
|
|a 373.2
|2 2011
|
| 080 |
|
|
|a 796/799
|2 2011
|
| 080 |
|
|
|a 502.2
|2 2011
|
| 080 |
|
|
|a 613/614
|2 2011
|
| 080 |
|
|
|a 316.3/.6
|2 2011
|
| 080 |
|
|
|a (0.05)
|2 2011
|
| 080 |
|
|
|a (076.1)
|2 2011
|
| 100 |
1 |
|
|a Nováková, Mária
|4 aut
|9 272673
|
| 245 |
1 |
0 |
|a Rastiem zdravo
|b pracovný zošit : vzdelávacia oblasť III. Človek a príroda, IV. Človek a spoločnosť, V. Človek a svet práce, VII. Zdravie a pohyb (moje telo, zdravie, hygiena, šport, výživa, doprava, ekológia, etika)
|n Zošit 8/9
|c autor: Mária Nováková
|
| 246 |
3 |
0 |
|a Vzdelávacia oblasť III. Človek a príroda, IV. Človek a spoločnosť, V. Človek a svet práce, VII. Zdravie a pohyb (moje telo, zdravie, hygiena, šport, výživa, doprava, ekológia, etika)
|
| 264 |
|
1 |
|a Košice
|b NOMIland, s.r.o.
|c 2018
|
| 300 |
|
|
|a 32 strán
|b ilustrácie
|c 30 cm
|
| 336 |
|
|
|a text
|b txt
|2 rdacontent
|
| 336 |
|
|
|a statický obraz
|b sti
|2 rdacontent
|
| 337 |
|
|
|a bez média
|b n
|2 rdamedia
|
| 338 |
|
|
|a zväzok
|b nc
|2 rdacarrier
|
| 500 |
|
|
|a Názov z obalu
|
| 500 |
|
|
|a Recenzovaný a vypracovaný v súlade so Štátnym vzdelávacím programom pre predprimárne vzdelávanie v materských školách platného od 1. septembra 2016, podľa pracovného zošita schváleného Ministerstvom školstva, vedy, výskumu a športu Slovenskej republiky pod číslom 2016-15934/37135:13-100C
|
| 504 |
|
|
|a Bibliografia na nečíslovanej strane 33 ; poznámka
|
| 521 |
1 |
|
|a 5-6 rokov
|
| 650 |
0 |
7 |
|a deti predškolského veku
|2 SNKPH
|9 4103
|
| 650 |
0 |
7 |
|a predškolská výchova
|2 SNKPH
|9 3959
|
| 650 |
0 |
7 |
|a zdravie
|2 SNKPH
|9 16322
|
| 650 |
0 |
7 |
|a šport
|2 SNKPH
|9 1042
|
| 650 |
0 |
7 |
|a človek a spoločnosť
|2 SNKPH
|9 4102
|
| 650 |
0 |
7 |
|a Preschool children
|2 SNKPHeng
|9 306219
|
| 650 |
0 |
7 |
|a príroda
|2 SNKPH
|9 3813
|
| 650 |
0 |
7 |
|a Preschool education
|2 SNKPHeng
|9 267868
|
| 650 |
0 |
7 |
|a Health
|2 SNKPHeng
|9 265749
|
| 650 |
0 |
7 |
|a šport
|2 SNKPHeng
|9 1042
|
| 650 |
0 |
7 |
|a Nature
|2 SNKPHeng
|9 267314
|
| 650 |
0 |
7 |
|a Man and society
|2 SNKPHeng
|9 268434
|
| 655 |
|
7 |
|a publikácie pre deti
|2 SNKPH
|9 70148
|
| 655 |
|
7 |
|a pracovné zošity
|2 SNKPH
|9 70188
|
| 655 |
|
7 |
|a Children's literature
|2 SNKPHeng
|9 276039
|
| 655 |
|
7 |
|a Activity books
|2 SNKPHeng
|9 302885
|
| 852 |
|
|
|a Štátna vedecká knižnica v Banskej Bystrici
|
| 919 |
|
|
|a 978-80-8205-004-5
|
| 958 |
|
|
|a NB
|
| 999 |
|
|
|c 773439
|d 775369
|
| 952 |
|
|
|a SNK
|b SNK
|y PREZ
|7 0
|p 17A1337209
|o snkOSB 19275
|i snk2018/20461
|8 0
|0 0
|1 0
|4 0
|d 2018-10-10
|f 1
|l 0
|r 2026-02-24 00:41:34
|w 2026-02-24
|
| 952 |
|
|
|a SNK
|b SNK
|y PREZ
|7 0
|p 17A1337210
|o snkOSB 19275 D1
|i snk2018/20462
|8 0
|0 0
|1 0
|4 0
|d 2018-10-10
|l 0
|r 2026-02-24 00:41:34
|w 2026-02-24
|